Konflikty patří k životu
Pojem konflikt. Rozdielnosť ľudských pováh ako príčina nedorozumení a stretov. Štýly, ktorými sa riešia konflikty: vyhýbavý štýl, prispôsobivý štýl, kompromisný štýl, súperivý štýl, spolupracujúci štýl. Ako riešiť konflikty. Dôležité je zachovať kľud. Zmeniť konflikt na diskusiu.
Saved in:
| Main Author: | |
|---|---|
| Format: | Book Chapter |
| Language: | Czech |
| Subjects: | |
| Tags: |
No Tags, Be the first to tag this record!
|
MARC
| LEADER | 00000naa a2200000 4500 | ||
|---|---|---|---|
| 001 | 0165558 | ||
| 005 | 20231211093406.4 | ||
| 041 | 0 | |a cze | |
| 044 | |a CZ | ||
| 245 | 1 | 0 | |a Konflikty patří k životu |c Zuzana Šlapalová Čempelová |
| 520 | |a Pojem konflikt. Rozdielnosť ľudských pováh ako príčina nedorozumení a stretov. Štýly, ktorými sa riešia konflikty: vyhýbavý štýl, prispôsobivý štýl, kompromisný štýl, súperivý štýl, spolupracujúci štýl. Ako riešiť konflikty. Dôležité je zachovať kľud. Zmeniť konflikt na diskusiu. | ||
| 610 | 2 | 0 | |a konflikty |
| 610 | 2 | 0 | |a správanie |
| 610 | 2 | 0 | |a komunikácia |
| 610 | 2 | 0 | |a vzťahy medziľudské |
| 100 | 1 | |a Šlapalová Čempelová, Zuzana | |